000 00843nam a2200241Ia 4500
003 OSt
005 20220923220127.0
006 a|||||r|||| 00| 0
007 ta
008 220922b |||||||| |||| 00| 0 hin d
024 _a184,487
037 _cTextual
040 _aARTS
_cARTS
_bhin
041 _2hin
_ahin
082 _aO152,2:gN7, M8
100 _aब्रजराज किशोर
_9156369
245 0 _aहिन्दी नाटक और रंगमंच समकालीन परिदृश्य
246 _aHindī nāṭak aur rangahincha samakālīn paridṛushya
260 _aदिल्ली
_b जनप्रिय प्रकाशन
_c1988
300 _a171 पृ.
_ccm.
942 _hO152,2:gN7, M8
_cTEXL
_2CC
999 _c337771
_d337771